Thermal Transformations of Synthetic Pyrophyllite

Bibliographic Details
Main Author: Zaremba, Teresa (Author)
Format: Article
Language:Slovak
English
PhysicalDescription:Obr. 9, res. angl., lit. 25 zázn.
ISSN:1210-2695
Subjects:

MARC

LEADER 00000nab a2200000 a 4500
001 vtls000632769
003 SK-MaSNL
005 20260304085713.0
008 250425c1995 xo 0 slo
015 |a SNBRB19rr/mm-uuuuu 
035 |a CL0632908 
035 |a urn:nbn:sk:snk-abguz 
035 |a (urnnbn)urn:nbn:sk:snk:ar-a06dpa 
035 |a (uuid)fd322cf5-43e9-4444-b028-23ba269c650c 
040 |a SNKBUCL  |b slo  |c SNKBUCL  |e AACR2 
041 0 |a eng 
044 |a xo  |c SK 
080 |a 549.623.93.057:543.42  |2 1981 
080 |a 543.42  |2 1981 
080 |a 54.057  |2 1981 
100 1 |a Zaremba, Teresa  |4 aut  |9 1379517 
245 1 0 |a Thermal Transformations of Synthetic Pyrophyllite  |c Teresa Zaremba 
300 |b Obr. 9, res. angl., lit. 25 zázn. 
650 0 7 |a pyrofylit syntetický  |2 snkbucl  |9 1379518 
650 0 7 |a pyrofylit prírodný  |2 snkbucl  |9 1379519 
650 0 7 |a spektroskopia infračervená  |2 snkbucl  |9 921067 
655 7 |a články z novín a časopisov  |2 snkbucl  |9 267496 
773 0 |t Geologica carpathica clays  |g Roč. 4, č. 2 (1995), s. 67-72  |x 1210-2695 
850 |a Slovenská národná knižnica 
852 |a Slovenská národná knižnica 
958 |a article27 
958 |a NB 
958 |a NX 
958 |a RK 
958 |a OND 
958 |a EUIPO 
999 |c 2809039  |d 2810969